| 000 | 00449nam a22001217a 4500 | ||
|---|---|---|---|
| 082 | _a220 PRO | ||
| 100 |
_aAmber Ilyas Fizza Batool Muneeb Ghani Khattak Danial Rao Atif Aslam _972135 |
||
| 245 | _aPR-SOF-1496-Autonomous gripper control using image processing on a UGV manipulator | ||
| 260 |
_aISLAMABAD _bNUST COLLEGE OF EME _c2016 |
||
| 650 | _aDE-MTS-34 | ||
| 700 |
_aDr. Umar Shahbaz Khan Col. Nasir Rashid Lec. Fatma Faruq _972136 |
||
| 942 | _cCR | ||
| 999 |
_c578302 _d578302 |
||